El libro del Buen Amor

Gardado en:
Detalles Bibliográficos
Autor Principal: Hita, Arcepreste de
Formato: Libro
Idioma:Undetermined
Publicado: Madrid, España M. E. Editores 1996
Materias:
Etiquetas: Engadir etiqueta
Sen Etiquetas, Sexa o primeiro en etiquetar este rexistro!

MARC

LEADER 00000nam a2200000Ia 4500
008 170316s9999 xx 000 0 und d
040 |a cru BVZT 
090 |a 862 H-8L 
100 |a Hita, Arcepreste de 
245 |a El libro del Buen Amor 
260 |a Madrid, España 
260 |b M. E. Editores 
260 |c 1996 
300 |a 287 páginas 
650 |a LITERATURA ESPAÑOLA 
650 |a OBRA JUGLARESCA 
650 |a JUGLARES MEDIEVALES 
999 |c 9998  |d 9998 
942 |c 15 D  |h 862 H-8L  |2 z